000 00667nam a22002057a 4500
005 20170928101422.0
008 170928b xxu||||| |||| 00| 0 eng d
020 _a978-0-19-870581-9
040 _aBUAC
_cBUC
041 _aFre
100 _aChirwa, Ephraim
245 _aAgricultural Input Subsidies :
_bThe recent Malawi Experience
_c/ par Ephraim Chirwa, Andrew Dorward
260 _aNew-york :
_bOxford university press,
_c2013
300 _aXVI-298
_bCouv. ill; en coul. ;
_c24 cm
500 _aBibliogr. pp 273-288 Index pp 289-298
630 _aSciences Appliquées
650 _aAgriculture : Subvention
700 _a Dorward, Andrew
942 _cLBA
999 _c57191
_d57191